Morfium /

Hlavní autor: Twardoch, Szczepan, 1979-
Další autoři: Alexa, Michael, 1989-
Jazyk: Čeština
Vydáno: Brno : Host - vydavatelství, s.r.o., 2017
Vydání: První vydání
Témata:
Fyzický popis: 525 stran : ilustrace (některé barevné) ; 21 cm
Knihy
Uloženo v:
LEADER 01421nam a2200397 i 4500
001 nkc20172875616
003 CZ PrNK
005 20170210134034.0
007 ta
008 170123s2017 xr a g 000 f cze
015 |a cnb002875616 
020 |a 978-80-7491-593-2  |q (vázáno) 
035 |a (OCoLC)975043869 
040 |a OLA001  |b cze  |e rda 
041 1 |a cze  |h pol 
072 7 |a 821.162.1  |x Polská literatura  |2 Konspekt  |9 25 
080 |a 821.162.1-31  |2 MRF 
080 |a (0:82-31)  |2 MRF 
100 1 |a Twardoch, Szczepan,  |d 1979-  |7 js2015864781  |4 aut 
240 1 0 |a Morfina.  |l Česky 
245 1 0 |a Morfium /  |c Szczepan Twardoch ; z polského originálu Morfina ... přeložil Michael Alexa 
250 |a První vydání 
264 1 |a Brno :  |b Host - vydavatelství, s.r.o.,  |c 2017 
300 |a 525 stran :  |b ilustrace (některé barevné) ;  |c 21 cm 
336 |a text  |b txt  |2 rdacontent 
337 |a bez média  |b n  |2 rdamedia 
338 |a svazek  |b nc  |2 rdacarrier 
655 7 |a polské romány  |7 fd133084  |2 czenas 
655 9 |a Polish fiction  |2 eczenas 
700 1 |a Alexa, Michael,  |d 1989-  |7 pna2011655344  |4 trl 
910 2 |a BOA001  |b 2-1378.777 
990 |a BK 
995 |a 01 
991 |b 201702  |c NOV 
996 6 |b 2610695287  |c 2-1378.777  |l MZK  |r Sklad / do 1 hodiny  |n 2  |p p.v.  |w 001596823  |u 000010  |a 1  |e BOA001  |j MZK50  |s P 
996 7 |b 2610695288  |c 2-1378.777  |l MZK  |r Sklad / do 1 hodiny  |n 10  |p p.v.  |w 001596823  |u 000020  |a 1  |e BOA001  |j MZK50  |s A